000 00334nam a2200133Ia 4500
008 240624s9999 xx 000 0 und d
041 _aeng
082 _a658.3 PAS
100 _aPASSMORE JONATHAN
245 _aDIVERSITY IN COACHING WORKING WITH GENDE
260 _c2009
_aLondon
_bKogan Page
300 _a287 : p.
365 _cRS
_b27
999 _c15416
_d15416